000 00255nam a22001097a 4500
008 170116b xxu||||| |||| 00| 0 eng d
020 _a9781416050117
041 _aeng
080 _a618.2
245 _aMEDICAL-SURGICAL NURSING
_cDEWIT, S.C
942 _2udc
_cBK
999 _c2913
_d2913